000
00208nam a2200109Ia 4500
100
_a
#N/A
942
_c
BK
654
_a
letter plan
245
_a
Business Correspondence
260
_b
#N/A
546
_a
ENGLISH
999
_c
24253
_d
24253